000 00352nam a22001457a 4500
082 _a894.812
_bNAT/U
100 _aNADARAJAN, N.K
245 _aUPANYASA SURABI
246 _aUPANYASA SURABI
_bUPANYASA SURABI
260 _aCHANGANASSERY
_bSURABHI BOOKS
_c2023
300 _a384
520 _aUPANYASA SURABHI
650 _aMALAYALAM ESSAYS
942 _cBK
999 _c6786
_d6786